| 000 | 01100nam a22003137a 4500 | ||
|---|---|---|---|
| 001 | 7972 | ||
| 003 | FISKH | ||
| 005 | 20250815134627.0 | ||
| 008 | 250815b cb ||||| |||| 00| 0 eng d | ||
| 020 | _a9789386106599 | ||
| 040 |
_aFISKH _beng _cFISKH _dFISKH |
||
| 050 | _aPN1995.H364 B347 | ||
| 082 | _a791.43 | ||
| 100 | _aBaker, Felicity | ||
| 245 |
_aAlbus Dumbledore : _bCinematic Guide / _cBy Felicity Baker |
||
| 250 | _aFirst printing 2016 | ||
| 260 |
_aNew York : _bScholastic , _c2016. |
||
| 300 |
_a62 pages : _bcolor illustrations ; _c22 cm . |
||
| 490 | _aHarry Potter Cinematic Guide | ||
| 505 | _aK | ||
| 520 | _aThe Essential Film Companion for ALBUS DUMBLEDORE that's perfect for the youngest fans! This hardcover guidebook features your favorite scenes and quotes from all eight Harry Potter movies!. | ||
| 521 | 8 |
_a510
_bLexile estimate |
|
| 521 | 8 |
_aK
_bRaz-Plus |
|
| 650 |
_aHarry Potter Series _vChildren's book |
||
| 700 |
_aDeMonico, Rick _eArt Director |
||
| 700 |
_aVenezia, Theresa _ePage Designer |
||
| 942 |
_2ddc _cBK _n0 |
||
| 999 |
_c7972 _d7972 |
||